| 000 | 00473nam a2200193 a 4500 | ||
|---|---|---|---|
| 001 | 1758091731350 | ||
| 003 | ACL | ||
| 005 | 20250917122059.0 | ||
| 008 | 250917s2007##################000#0#eng## | ||
| 020 | _a9780786437733 | ||
| 082 | 0 | 4 |
_a791.45750973 _bTER |
| 100 | 1 |
_aTerrace, Vincent, _eauthor. |
|
| 245 | 1 | 0 | _aTelevision Specials : |
| 260 |
_bMcFarland, _c2007. |
||
| 300 | _a557 pages | ||
| 650 | 0 | _aPerforming Arts. | |
| 942 | _cENGLISH | ||
| 040 |
_aACL _beng _cACL |
||
| 999 |
_c587633 _d587633 |
||